000 00870nam a2200241 4500
003 CO-ViMGA
020 _a9789586654074
040 _aCO-ViMGA
_bspa
_cCO-ViMGA
090 _aN NAT1
100 1 _aNatsume, Soseki
_d1867-1915
_98535
245 1 0 _aKokoro /
_cNatsume Soseki.
260 _aBogotá :
_bSiglo del Hombre Ediciones,
_c2016.
300 _a296 páginas, [8] páginas sin numerar ;
_b20 cm.
490 _aPlan Nacional de Lectura y Escritura Leer es mi Cuento / Ministerio de Cultura
650 1 4 _aAmistad en la literatura
_97674
650 1 4 _aAncianos en la literatura
_98034
650 1 4 _aJóvenes en la literatura
_98538
650 1 4 _aLiteratura Japonesa
_ySiglos XIX-XX
_98536
650 1 4 _aNovela Japonesa
_ySiglos XIX-XX
_98537
700 1 _aCordobés, Fernando,
_etraductor
_98540
700 1 _aOgihara, Yoko,
_etraductora
_98539
942 _2ddc
_cBK
999 _c7603
_d7603